000 00680nam a2200217 a 4500
001 000015614
003 OSt
005 20201214103520.0
007 ta
008 100215e1966 dr ac 000 0 spa d
040 _aDO-SdBNP
_bspa
_cBNPHU
041 _hspa
049 _aBNPD
082 _axxxx
_bB792p
100 1 _aBoyre Moya, Emile, de
_935200
245 1 4 _aLas piezas arqueológicas de material travertínico, de las cuevas de los paredones (Caleta II) República Dominicana /
_cEmile de Boyre Moya.
250 _a2a ed.
260 _aSanto Domingo :
_bUniversidad Autónoma de Santo Domingo,
_c1966.
300 _a[14 p.] :
_bil. ; retrato ;
_c22 cm.
942 _2ddc
_cLBS1
999 _c15169
_d15169